Najdłuższa średnia długość członka mężczyzn według państw - Statystyki

Ogólne statystyki
  • Ten quiz został rozwiązany 72 razy
  • Średni wynik to 3 z 10
Statystyki odpowiedzi
Hint Odpowiedź % Poprawnych
16.47 cm Sudan
50%
15.89 cm Senegal
43%
15.87 cm Holandia
35%
16.67 cm Kamerun
35%
17.61 cm Ekwador
25%
15.78 cm Zambia
22%
15.88 cm Gambia
20%
16.51 cm Boliwia
17%
15.87 cm Kuba
12%
16.01 cm Haiti
5%
Nie znaleziono quizów pasujących do podanych kryteriów
Rozkład punktacji
Procent ludzi z każdym wynikiem
Percentyl według liczby udzielonych odpowiedzi
Twoja historia wyników
Nie rozwiązałeś tego quizu